Vista normal
Vista MARC
Entrada Personal Name
Número de registros utilizados en: 3
001 - CONTROL NUMBER
- control field: 712
003 - CONTROL NUMBER IDENTIFIER
- control field: OSt
005 - DATE AND TIME OF LATEST TRANSACTION
- control field: 20230403165136.0
008 - FIXED-LENGTH DATA ELEMENTS
- fixed length control field: 230403|| aca||aabn | a|a d
040 ## - CATALOGING SOURCE
- Original cataloging agency: OSt
- Transcribing agency: OSt
100 ## - HEADING--PERSONAL NAME
- Personal name: Mora Mora, Mariana Eleonora
670 ## - SOURCE DATA FOUND
- Source citation: Work cat.: (OSt)0: Colombia Corte Constitucional 705, Guardianes de la Constitución al rescate del artículo 44